Les 36 stades de la Ligue des Champions (2025-2026) - Statistiques

Statistiques générales
  • Ce quiz a été pris 520 fois
    176 depuis la dernière actualisation
  • Le résultat moyen est 15 sur 36
Statistiques - réponses
Club Stade Capacité % Correct
Real Madrid Santiago Bernabéu 83 186
96%
Olympique de Marseille Stade Vélodrome 67 394
94%
Paris Saint-Germain Parc des Princes 48 583
91%
Bayern Munich Allianz Arena 75 000
90%
Inter Milan Giuseppe-Meazza 75 923
89%
Liverpool Anfield 61 276
88%
Arsenal Emirates 60 704
83%
Atletico Madrid Wanda Metropolitano 70 460
79%
AS Monaco Stade Louis-II 18 825
78%
Chelsea Stamford Bridge 41 631
72%
Manchester City Etihad 55 097
69%
Napoli Diego Armando Maradona 54 726
67%
Borussia Dortmund Signal Iduna Park 81 365
67%
Newcastle St James' Park 52 258
61%
FC Barcelone Lluís-Companys 55 926
60%
Ajax Amsterdam Johan Cruyff Arena 55 885
57%
Tottenham Tottenham Hotspur Stadium 62 850
55%
Benfica Estadio da Luz 68 100
52%
Athletic Bilbao San Mamés 52 289
52%
Juventus Allianz Stadium 41 507
30%
Bayer Leverkusen BayArena 30 210
30%
Villarreal La Ceramica 23 500
23%
PSV Eindhoven Philips Stadion 38 065
13%
Sporting CP José Alvalade 52 095
11%
FC Copenhague Parken 38 065
9%
Eintracht Francfort Deutsche Bank Park 59 500
7%
Union Saint-Gilloise Lotto Park 21 900
7%
Galatasaray Rams Park 53 978
7%
Club Bruges Jan Breydel 29 062
5%
Bodø/Glimt Aspmyra 8 500
2%
Atalanta Bergame Gewiss Stadium 24 950
2%
Qarabağ Tofiq-Béhramov 32 000
2%
Slavia Prague Fortuna Arena 19 370
1%
Kaïrat Almaty Almaty Ortalyk 23 804
0%
Olympiakos Georgios Karaiskasis 33 345
0%
Paphos FC Limassol Arena 10 700
0%
Aucun quiz correspondant
Distribution des résultats
% des personnes avec chaque résultat
Percentile par nombre de réponses
Votre historique - résultats
Vous n’avez pas pris ce quiz depuis la dernière actualisation